<?xml version="1.0" encoding="UTF-8"?>
<record
    xmlns:xsi="http://www.w3.org/2001/XMLSchema-instance"
    xsi:schemaLocation="http://www.loc.gov/MARC21/slim http://www.loc.gov/standards/marcxml/schema/MARC21slim.xsd"
    xmlns="http://www.loc.gov/MARC21/slim">

  <leader>03824cam a2200445Ii 4500</leader>
  <controlfield tag="001">DIGOCTA0944</controlfield>
  <controlfield tag="003">NyNyDIG</controlfield>
  <controlfield tag="008">130601e200911  sp      ob    000 0 spa d</controlfield>
  <controlfield tag="006">m     o  d        </controlfield>
  <controlfield tag="007">cr |||||||||||</controlfield>
  <datafield tag="035" ind1=" " ind2=" ">
    <subfield code="a">(OCoLC)888273642</subfield>
  </datafield>
  <datafield tag="040" ind1=" " ind2=" ">
    <subfield code="a">DGITA</subfield>
    <subfield code="b">eng</subfield>
    <subfield code="e">rda</subfield>
    <subfield code="e">pn</subfield>
    <subfield code="c">DGITA</subfield>
  </datafield>
  <datafield tag="020" ind1=" " ind2=" ">
    <subfield code="a">9788499210445</subfield>
    <subfield code="q">(electronic bk. ;</subfield>
    <subfield code="q">pdf)</subfield>
  </datafield>
  <datafield tag="020" ind1=" " ind2=" ">
    <subfield code="a">8499210449</subfield>
    <subfield code="q">(electronic bk. ;</subfield>
    <subfield code="q">pdf)</subfield>
  </datafield>
  <datafield tag="020" ind1=" " ind2=" ">
    <subfield code="z">9788480635592</subfield>
  </datafield>
  <datafield tag="020" ind1=" " ind2=" ">
    <subfield code="z">8480635592</subfield>
  </datafield>
  <datafield tag="050" ind1="1" ind2="4">
    <subfield code="a">HV6626 eBook</subfield>
  </datafield>
  <datafield tag="245" ind1="0" ind2="0">
    <subfield code="a">Violencia dom&#xE9;stica y coeducaci&#xF3;n :</subfield>
    <subfield code="b">un enfoque multidisciplinar /</subfield>
    <subfield code="c">Fernando Trujillo S&#xE1;ez, Mar&#xED;a Remedios Fortes Ruiz (editores).</subfield>
  </datafield>
  <datafield tag="250" ind1=" " ind2=" ">
    <subfield code="a">Primera edici&#xF3;n.</subfield>
  </datafield>
  <datafield tag="264" ind1=" " ind2="1">
    <subfield code="a">Barcelona, Espa&#xF1;a :</subfield>
    <subfield code="b">Octaedro,</subfield>
    <subfield code="c">noviembre de 2009.</subfield>
  </datafield>
  <datafield tag="300" ind1=" " ind2=" ">
    <subfield code="a">1 online resource.</subfield>
  </datafield>
  <datafield tag="336" ind1=" " ind2=" ">
    <subfield code="a">text</subfield>
    <subfield code="b">txt</subfield>
    <subfield code="2">rdacontent</subfield>
  </datafield>
  <datafield tag="337" ind1=" " ind2=" ">
    <subfield code="a">computer</subfield>
    <subfield code="b">c</subfield>
    <subfield code="2">rdamedia</subfield>
  </datafield>
  <datafield tag="338" ind1=" " ind2=" ">
    <subfield code="a">online resource</subfield>
    <subfield code="b">cr</subfield>
    <subfield code="2">rdacarrier</subfield>
  </datafield>
  <datafield tag="490" ind1="1" ind2=" ">
    <subfield code="a">Recursos ;</subfield>
    <subfield code="v">44</subfield>
  </datafield>
  <datafield tag="504" ind1=" " ind2=" ">
    <subfield code="a">Includes bibliographical references.</subfield>
  </datafield>
  <datafield tag="505" ind1="0" ind2=" ">
    <subfield code="a">Pr&#xF3;logo / Fco. Javier Gonz&#xE1;lez V&#xE1;zquez -- Introducci&#xF3;n / Fernando Trujillo S&#xE1;ez, Ma Remedios Fortes Ruiz -- &#xBF;Qu&#xE9; me impide abandonar esta situaci&#xF3;n? perfil psicol&#xF3;gico en mujeres maltratadas / Elena Navarro Gonz&#xE1;lez, Ma Jos&#xE9; Rodr&#xED;guez-Parra, Elisabel Cubillas Casas -- Aproximaci&#xF3;n al concepto de agresividad como fen&#xF3;meno psicol&#xF3;gico y social / Jos&#xE9; Antonio Pareja Fern&#xE1;ndez De La Reguera -- Abusos sexuales a menores: actuaciones desde el &#xE1;mbito escolar / Santiago Real Mart&#xED;nez, Mercedes Novo P&#xE9;rez -- Orientaciones para una intervenci&#xF3;n psicopedag&#xF3;gica en la familia en situaciones de riesgo a trav&#xE9;s del contexto educativo. maltrato infantil / Purificaci&#xF3;n Salmer&#xF3;n V&#xED;lchez, Ver&#xF3;nica Hidalgo Hern&#xE1;ndez -- El coste econ&#xF3;mico de la violencia dom&#xE9;stica / Manuel Hern&#xE1;ndez Peinado -- Las diferencias de g&#xE9;nero en los valores sociales entre los adolescentes y j&#xF3;venes / Francisco Mateos Claros -- Educaci&#xF3;n y contestaci&#xF3;n femenina en el siglo XVI / Mar&#xED;a Jes&#xFA;s Del R&#xED;o L&#xF3;pez Del Amo -- Discriminaci&#xF3;n e importancia de la mujer en la historia de la m&#xFA;sica / Ma Dolores D&#xED;az Fern&#xE1;ndez -- Significados de la violencia contra las mujeres. su tratamiento en los textos literarios / Mar&#xED;a Remedios Fortes Ruiz -- Violencia dom&#xE9;stica y poes&#xED;a &#xFA;ltima escrita por mujeres: factores de un silencio / Antonio Gonz&#xE1;lez V&#xE1;zquez -- La expresi&#xF3;n de la violencia dom&#xE9;stica en algunos refranes y proverbios. estudio contrastivo espa&#xF1;ol/franc&#xE9;s / Esperanza Mart&#xED;nez Dengra -- Estructura tem&#xE1;tica de las noticias de prensa sobre violencia dom&#xE9;stica: un ejercicio de an&#xE1;lisis cr&#xED;tico del discurso / Fernando Trujillo S&#xE1;ez, Mar&#xED;a Del Carmen Ayora Esteban -- Aproximaci&#xF3;n sem&#xE1;ntica a la oposici&#xF3;n masculino/femenino / Carmen Varo Varo -- La educaci&#xF3;n sexual: una necesidad educativa a favor de un tratamiento de iguales entre g&#xE9;neros / Pablo Cobo Mart&#xED;nez, Francisca L&#xF3;pez Torrecillas -- La necesidad de hacer expl&#xED;cito el conocimiento profesional del profesorado de educaci&#xF3;n f&#xED;sica en relaci&#xF3;n al g&#xE9;nero / Mar&#xED;a Jos&#xE9; Girela Rej&#xF3;n -- La coeducaci&#xF3;n: revisi&#xF3;n bibliogr&#xE1;fica / Mar&#xED;a Mercedes Molina Moreno.</subfield>
  </datafield>
  <datafield tag="650" ind1=" " ind2="0">
    <subfield code="a">Family violence.</subfield>
  </datafield>
  <datafield tag="650" ind1=" " ind2="0">
    <subfield code="a">Sex differences in education.</subfield>
  </datafield>
  <datafield tag="655" ind1=" " ind2="0">
    <subfield code="a">Electronic books.</subfield>
  </datafield>
  <datafield tag="700" ind1="1" ind2=" ">
    <subfield code="a">Trujillo S&#xE1;ez, Fernando,</subfield>
    <subfield code="e">editor.</subfield>
  </datafield>
  <datafield tag="700" ind1="1" ind2=" ">
    <subfield code="a">Fortes Ruiz, Mar&#xED;a Remedios,</subfield>
    <subfield code="e">editor.</subfield>
  </datafield>
  <datafield tag="776" ind1="0" ind2="8">
    <subfield code="i">Print version:</subfield>
    <subfield code="a">Trujillo S&#xE1;ez, Fernando.</subfield>
    <subfield code="t">Violencia dom&#xE9;stica y coeducaci&#xF3;n.</subfield>
    <subfield code="d">Barcelona : Ediciones Octaedro, S.L., &#xA9;2000</subfield>
    <subfield code="z">9788480635592</subfield>
  </datafield>
  <datafield tag="791" ind1="2" ind2=" ">
    <subfield code="a">Digitalia (Firm),</subfield>
    <subfield code="e">distributor.</subfield>
  </datafield>
  <datafield tag="793" ind1="0" ind2=" ">
    <subfield code="g">Digitalia eBook Collection:</subfield>
    <subfield code="a">Octaedro</subfield>
  </datafield>
  <datafield tag="830" ind1=" " ind2="0">
    <subfield code="a">Recursos Octaedro ;</subfield>
    <subfield code="v">44.</subfield>
  </datafield>
  <datafield tag="856" ind1="4" ind2="0">
    <subfield code="3">Digitalia Hisp&#xE1;nica</subfield>
    <subfield code="u">https://www.digitaliapublishing.com/a/14656/</subfield>
  </datafield>
  <datafield tag="910" ind1=" " ind2=" ">
    <subfield code="a">Premium Collection: 2007-2012</subfield>
  </datafield>
  <datafield tag="942" ind1=" " ind2=" ">
    <subfield code="c">RAA</subfield>
  </datafield>
  <datafield tag="952" ind1=" " ind2=" ">
    <subfield code="0">0</subfield>
    <subfield code="1">0</subfield>
    <subfield code="4">0</subfield>
    <subfield code="7">0</subfield>
    <subfield code="8">DEH</subfield>
    <subfield code="a">BD-UIN</subfield>
    <subfield code="b">BD-UIN</subfield>
    <subfield code="d">2025-04-25</subfield>
    <subfield code="l">0</subfield>
    <subfield code="r">2025-04-25</subfield>
    <subfield code="w">2025-04-25</subfield>
    <subfield code="y">RAA</subfield>
  </datafield>
  <datafield tag="999" ind1=" " ind2=" ">
    <subfield code="c">233627</subfield>
    <subfield code="d">233627</subfield>
  </datafield>
</record>
